| 000 | 00469nam a2200145 i 4500 | ||
|---|---|---|---|
| 001 | 183702 | ||
| 003 | ES-MaACL | ||
| 005 | 20230906221945.0 | ||
| 008 | 140929s1912 fr |||| | fre d | ||
| 245 | 0 | 0 | _aGuide de la Creuse. |
| 260 |
_a[S.l. : _bs.n., _c1912?] ( _eParis : _fGuillemont & de Lamothe) |
||
| 300 |
_a108 p. ,[1] h. pleg de map. : _bil. ; _c19 cm. |
||
| 651 | 4 |
_aCreuse (France)- _vGuias. _9155615 |
|
| 852 |
_aES-MaACL _jT-1424-F-4 _q.- Ejemplar sin portada |
||
| 999 |
_c183702 _d183702 |
||